La dynastie ottomane - Statistiques

Statistiques générales
  • Ce quiz a été pris 190 fois
  • Le résultat moyen est 19 sur 39
Statistiques - réponses
Hint Réponse % Correct
1520-1566 Soliman I
86%
1281-1326 Osman I
82%
1413-1421 Mehmed I
74%
1512-1520 Sélim I
69%
1444-1446 Mehmed II
68%
1451-1481 Mehmed II
68%
1595-1603 Mehmed III
62%
1618-1622 Osman II
62%
1389-1402 Bajazet I
58%
1648-1687 Mehmed IV
58%
1359-1389 Mourad I
58%
1566-1574 Sélim II
57%
1687-1691 Soliman II
56%
1909-1918 Mehmed V
55%
1326-1359 Orhan
54%
1754-1757 Osman III
54%
1774-1789 Abdülhamid I
52%
1421-1444 Mourad II
51%
1446-1451 Mourad II
51%
1481-1512 Bajazet II
47%
1876-1909 Abdülhamid II
46%
1574-1595 Mourad III
46%
1789-1807 Selim III
46%
1623-1640 Mourad IV
44%
1918-1922 Mehmed VI
42%
1617-1618 Moustapha I
40%
1622-1623 Moustapha I
40%
1839-1861 Abdülmecid
39%
1603-1617 Ahmet I
39%
1876 Mourad V
37%
1691-1695 Ahmet II
32%
1730-1754 Mahmoud I
32%
1703-1730 Ahmet III
30%
1640-1648 Ibrahim
30%
1808-1839 Mahmoud II
30%
1695-1703 Moustapha II
30%
1757-1774 Moustapha III
28%
1861-1876 Abdulaziz
27%
1807-1808 Moustapha IV
25%
Aucun quiz correspondant
Distribution des résultats
% des personnes avec chaque résultat
Percentile par nombre de réponses
Votre historique - résultats
Vous n’avez pas pris ce quiz